Kraje które już nie istnieją - nagła śmierć - Statystyki

Ogólne statystyki
  • Ten quiz został rozwiązany 56 razy
    41 od ostatniego zresetowania
  • Średni wynik to 9 z 10
Answers on the Grid
Answers color-coded by a green-red scale on the quiz's grid according to % correct below.
Zair
RPA
Jugosławia
Serbia
Jemen Południowy
Zjednoczona Republika
Arabska
Zjednoczone Emiraty
Arabskie
Tanzania
Tanganika
Inflanty
Gruzja
Federacja Mali
Armenia
ZSRS
Mjanma
Rosja
Republika Zielonego
Przylądka
Zielony Przylądek
Bułgaria
Księstwo Wołowskie
 
Statystyki odpowiedzi
Odpowiedź % Poprawnych
RPA
97%
Serbia
97%
Armenia
90%
Bułgaria
90%
Gruzja
90%
Rosja
90%
Zjednoczone Emiraty
Arabskie
90%
Republika Zielonego
Przylądka
86%
Tanzania
86%
Mjanma
79%
Nie znaleziono quizów pasujących do podanych kryteriów
Rozkład punktacji
Procent ludzi z każdym wynikiem
Percentyl według liczby udzielonych odpowiedzi
Twoja historia wyników
Nie rozwiązałeś tego quizu od ostatniego zresetowania